Normal view MARC view

Entry Personal Name

Number of records used in: 1

001 - CONTROL NUMBER

  • control field: 9464

003 - CONTROL NUMBER IDENTIFIER

  • control field: DLC

005 - DATE AND TIME OF LATEST TRANSACTION

  • control field: 20230912155009.0

008 - FIXED-LENGTH DATA ELEMENTS

  • fixed length control field: 180417n| azannaabn |n aaa

010 ## - LIBRARY OF CONGRESS CONTROL NUMBER

  • LC control number: nb2018007264

035 ## - SYSTEM CONTROL NUMBER

  • System control number: (Uk)010191363

040 ## - CATALOGING SOURCE

  • Original cataloging agency: Uk
  • Language of cataloging: eng
  • Description conventions: rda
  • Transcribing agency: Uk

046 ## - SPECIAL CODED DATES

  • Start period: 20

100 1# - HEADING--PERSONAL NAME

  • Personal name: Schuyler, James
  • Titles and other words associated with a name: (Chess player)

370 ## - ASSOCIATED PLACE

  • Associated country: United States
  • Other associated place: Nevada
  • Other associated place: Virginia
  • Source of term: naf

372 ## - FIELD OF ACTIVITY

  • Field of activity: Chess
  • Source of term: lcsh

373 ## - ASSOCIATED GROUP

  • Associated group: World Chess Federation
  • Source of term: naf

374 ## - OCCUPATION

  • Occupation: Chess players
  • Source of term: lcsh

375 ## - GENDER

  • Gender: Males
  • Source of term: lcsh

377 ## - ASSOCIATED LANGUAGE

  • Language code: eng

670 ## - SOURCE DATA FOUND

  • Source citation: The dark knight system, 2013:
  • Information found: t.p. (James Schuyler) about the author (FIDE Master; Nevada State Champion in 2007; won the Virginia State Championship in 2011, 2012)

Powered by Koha